Catholic University of Zimbabwe Library
Online Public Access Catalogue
(OPAC)

Illustrating Pascal / (Record no. 4456)

MARC details
000 -LEADER
fixed length control field 00926cam a2200265 a 4500
001 - CONTROL NUMBER
control field 0000004636
005 - DATE AND TIME OF LATEST TRANSACTION
control field 20170406120000.0
008 - FIXED-LENGTH DATA ELEMENTS--GENERAL INFORMATION
fixed length control field 870403s1987 enka b 001 0 eng
010 ## - LIBRARY OF CONGRESS CONTROL NUMBER
LC control number 87010369
020 ## - INTERNATIONAL STANDARD BOOK NUMBER
International Standard Book Number 0521336953 (pbk.)
035 ## - SYSTEM CONTROL NUMBER
-- (DLC) 87010369
040 ## - CATALOGING SOURCE
Original cataloging agency DLC
Transcribing agency DLC
Modifying agency DLC
050 00 - LIBRARY OF CONGRESS CALL NUMBER
Classification number QA76.73.P2
Item number A38 1987
082 00 - DEWEY DECIMAL CLASSIFICATION NUMBER
Classification number 005.13/3
Edition number 19
100 1# - MAIN ENTRY--PERSONAL NAME
Personal name Alcock, Donald,
Dates associated with a name 1930-.
245 10 - TITLE STATEMENT
Title Illustrating Pascal /
Statement of responsibility, etc. Donald Alcock.
260 ## - PUBLICATION, DISTRIBUTION, ETC.
Place of publication, distribution, etc. Cambridge [Cambridgeshire] ;
-- New York :
Name of publisher, distributor, etc. Cambridge University Press,
Date of publication, distribution, etc. 1987.
300 ## - PHYSICAL DESCRIPTION
Extent vii, 184 p. :
Other physical details ill. ;
Dimensions 25 cm.
500 ## - GENERAL NOTE
General note Includes index.
504 ## - BIBLIOGRAPHY, ETC. NOTE
Bibliography, etc. note Bibliography: p. 175.
650 #0 - SUBJECT ADDED ENTRY--TOPICAL TERM
Topical term or geographic name entry element Pascal (Computer program language)
856 42 - ELECTRONIC LOCATION AND ACCESS
Materials specified Publisher description
Uniform Resource Identifier <a href="http://www.loc.gov/catdir/description/cam023/87010369.html">http://www.loc.gov/catdir/description/cam023/87010369.html</a>
856 41 - ELECTRONIC LOCATION AND ACCESS
Materials specified Table of contents
Uniform Resource Identifier <a href="http://www.loc.gov/catdir/toc/cam026/87010369.html">http://www.loc.gov/catdir/toc/cam026/87010369.html</a>
908 ## - PUT COMMAND PARAMETER (RLIN)
Put command parameter 141114
Holdings
Withdrawn status Lost status Source of classification or shelving scheme Damaged status Not for loan Home library Current library Shelving location Date acquired Total Checkouts Full call number Barcode Date last seen Copy number Price effective from Koha item type
          CUZ Harare Campus CUZ Harare Campus Open Shelf 06.04.2017   QA 76.73P2 ALO BK0005494 22.05.2025 CU1118 06.04.2017 OS Book

OPENING HOURS

Weekdays: 0815hrs - 1800hrs
Weekends:0900hrs - 1200hrs

Closed for Mass:

Mon, Thur: 1200hrs - 1300hrs
Sunday & Public Holiday’s

CALL SUPPORT

0242-570570, 0242-570169
09200664, +263 8644140602

LOCATION

18443, Cranborne Avenue, Hatfield, Harare

Other Links


©2021 | CUZ Library